The Skills of management

Bibliographic Details
Main Author: Ress, W. David
Format: Book
Published: London : Routledge , 1991
Edition:3rd ed
Subjects:

MARC

LEADER 00000cam a2200000 7i4500
001 0000001486
002 000001632
005 20000330.0
020 |a 0415056349 
090 0 0 |a 658.4   |b REE 
100 1 |a Ress, W. David 
245 1 4 |a The Skills of management   |c W. David Rees 
250 |a 3rd ed 
260 |a London :   |b Routledge ,   |c 1991 
300 |a 322p. ;   |c 22cm. 
650 0 0 |a Management science 
999 |a 034028   |b BUKU   |c PINJAMAN   |e PERPUSTAKAAN KOMUNITI PETALING JAYA